BIBLIOTECA

SENCICO

Metadatos : (Registro nro. 4296)

Detalles MARC
000 -LEADER
fixed length control field 01603nam a22003137a 4500
003 - CONTROL NUMBER IDENTIFIER
control field PE SENCICO BE
005 - DATE AND TIME OF LATEST TRANSACTION
control field 20251020182641.0
008 - FIXED-LENGTH DATA ELEMENTS--GENERAL INFORMATION
fixed length control field 230912b |||||||| |||| 00| 0 eng d
040 ## - CATALOGING SOURCE
Original cataloging agency PE SENCICO BE
Transcribing agency PE SENCICO BE
041 ## - LANGUAGE CODE
Language code of text/sound track or separate title spa
082 ## - DEWEY DECIMAL CLASSIFICATION NUMBER
Classification number 025.30285574
Item number A58
100 1# - MAIN ENTRY--PERSONAL NAME
9 (RLIN) 1541
Personal name Angelozzi, Silvina Marcela
Relator term autor
245 1# - TITLE STATEMENT
Title Metadatos :
Remainder of title para descripción de recursos electrónicos en línea /
Statement of responsibility, etc. Silvina Marcela Angelozzi, Sandra Gisela Martín
250 ## - EDITION STATEMENT
Edition statement 1a ed.
260 ## - PUBLICATION, DISTRIBUTION, ETC.
Place of publication, distribution, etc. Buenos Aires :
Name of publisher, distributor, etc. Alfagrama ediciones,
Date of publication, distribution, etc. 2010
300 ## - PHYSICAL DESCRIPTION
Extent 117 páginas :
Other physical details tabls.,
Dimensions 22 cm.
440 ## - SERIES STATEMENT/ADDED ENTRY--TITLE
9 (RLIN) 1514
Title Biblioteca Alfagrama
504 ## - BIBLIOGRAPHY, ETC. NOTE
Bibliography, etc. note Bibliografía: p. [113]-117.
505 0# - FORMATTED CONTENTS NOTE
Formatted contents note Catalogación de los recursos electrónicos -- Metadatos -- Normativas internacionales para la descripción de recursos electrónicos -- Análisis de los esquemas de metadatos -- Lenguajes de marcado -- Comparación de los esquemas de metadatos -- Metadatos y recuperación de la información
520 3# - SUMMARY, ETC.
Summary, etc. Esta obra aborda el tema de los metadatos y las normativas internacionales para la descripción de los recursos electrónicos de información disponibles en línea, analizando los problemas que presentan a nivel conceptual y el desarrollo de nuevas formas de estructurar la información.
650 10 - SUBJECT ADDED ENTRY--TOPICAL TERM
9 (RLIN) 1542
Topical term or geographic name entry element Recursos electrónicos
650 20 - SUBJECT ADDED ENTRY--TOPICAL TERM
9 (RLIN) 253
Topical term or geographic name entry element Procesamiento electrónico de datos
650 20 - SUBJECT ADDED ENTRY--TOPICAL TERM
9 (RLIN) 1543
Topical term or geographic name entry element Catalogación
650 20 - SUBJECT ADDED ENTRY--TOPICAL TERM
9 (RLIN) 1544
Topical term or geographic name entry element Metadatos
650 20 - SUBJECT ADDED ENTRY--TOPICAL TERM
9 (RLIN) 1545
Topical term or geographic name entry element Lenguajes de marcado
700 1# - ADDED ENTRY--PERSONAL NAME
9 (RLIN) 1546
Personal name Martín, Sandra Gisela
Relator term autor
910 ## - USER-OPTION DATA (OCLC)
-- hfp
-- hfp
942 ## - ADDED ENTRY ELEMENTS (KOHA)
Source of classification or shelving scheme Dewey Decimal Classification
Koha item type Libros
Existencias
Fecha de la última vez que lo usaron Número de ingreso o de inventario Pago total Signatura topográfica completa Código de barras Precio efectivo desde Tipo de documento Estado perdido Sistema de clasificación Estado dañado No es para préstamo Retirado Ubicación permanente Ubicación actual Fecha de adquisición Fuente de adquisición
12/09/2023 16694   025.30285/A58 BibLima24050051 12/09/2023 Libros   Dewey Decimal Classification       Biblioteca Central Lima Biblioteca Central Lima 08/09/2023 Donado por el Lic. Henry Chavez Sanchez